| 000 | 00492cam a2200145 4500500 | ||
|---|---|---|---|
| 005 | 20251012032510.0 | ||
| 041 | _afre | ||
| 042 | _adc | ||
| 100 | 1 | 0 |
_aPy-Daniel Lépine, Ruth _eauthor |
| 245 | 0 | 0 | _aOtim esconde que nasceu com quatro seios/Otim cache qu’elle est née avec quatre seins |
| 260 | _c2002. | ||
| 500 | _a12 | ||
| 786 | 0 | _nSigila | 9 | 1 | 2002-06-20 | p. 54-59 | 1286-1715 | |
| 856 | 4 | 1 | _uhttps://shs.cairn.info/revue-sigila-2002-1-page-54?lang=fr&redirect-ssocas=7080 |
| 999 |
_c1547443 _d1547443 |
||